<?xml version="1.0" encoding="UTF-8"?>
<collection xmlns="http://www.loc.gov/MARC21/slim">
<record>
  <controlfield tag="001">1018977</controlfield>
  <controlfield tag="005">20250926040229.0</controlfield>
  <datafield tag="035" ind1=" " ind2=" ">
    <subfield code="a">G:(GEPRIS)566640904</subfield>
  </datafield>
  <datafield tag="024" ind1="7" ind2=" ">
    <subfield code="a">G:(GEPRIS)566640904</subfield>
    <subfield code="d">566640904</subfield>
  </datafield>
  <datafield tag="040" ind1=" " ind2=" ">
    <subfield code="a">GEPRIS</subfield>
    <subfield code="c">http://gepris.its.kfa-juelich.de</subfield>
  </datafield>
  <datafield tag="150" ind1=" " ind2=" ">
    <subfield code="a">Wohlfahrt und Körpergröße in Eurasien: Aufbau einer umfassenden historischen Datenbank</subfield>
    <subfield code="y">2025 -</subfield>
  </datafield>
  <datafield tag="371" ind1=" " ind2=" ">
    <subfield code="a">Professor Dr. Jörg Baten</subfield>
  </datafield>
  <datafield tag="450" ind1=" " ind2=" ">
    <subfield code="a">DFG project G:(GEPRIS)566640904</subfield>
    <subfield code="w">d</subfield>
    <subfield code="y">2025 -</subfield>
  </datafield>
  <datafield tag="510" ind1="1" ind2=" ">
    <subfield code="a">Deutsche Forschungsgemeinschaft</subfield>
    <subfield code="0">I:(DE-588b)2007744-0</subfield>
    <subfield code="b">DFG</subfield>
  </datafield>
  <datafield tag="680" ind1=" " ind2=" ">
    <subfield code="a">Dieses Projekt zielt darauf ab, den bestehenden Datensatz zur menschlichen Körpergröße in Eurasien, der aus dem Global History of Health (GHH) Project stammt, zu erweitern, indem zentrale kontextuelle Variablen integriert werden, die für das Verständnis der Determinanten von Körpergrößenmustern entscheidend sind. Insbesondere konzentriert sich die bisherige Forschung zu Körpergrößenmustern in Asien weitgehend auf das 20. Jahrhundert, was erhebliche Lücken in unserem historischen Verständnis dieser Muster sowie der sozioökonomischen und ökologischen Einflussfaktoren hinterlässt. Um diese Lücken zu schließen, wird dieses Projekt systematisch kontextuelle Informationen aus der archäologischen Literatur extrahieren und in quantifizierbare Variablen wie Siedlungsmerkmale, landwirtschaftliche Praktiken, Grabbeigaben und Migrationsmuster umwandeln. Durch die Integration dieser Variablen mit den bestehenden Körpergrößendaten wird das Projekt eine solide Grundlage für die Analyse der sozioökonomischen und ökologischen Faktoren schaffen, die die menschliche Körpergröße im Laufe der Zeit beeinflusst haben. Der erweiterte Datensatz wird nicht nur unser Verständnis von Wohlstandsentwicklungen in Europa und Asien vertiefen, sondern auch eine robuste Basis für vergleichende Studien in den Bereichen Wirtschaftsgeschichte, Gesundheit und menschliche Entwicklung bieten. Dadurch werden neue Erkenntnisse darüber gewonnen, wie sozioökonomische und ökologische Bedingungen die menschliche Körpergröße in verschiedenen historischen Epochen geprägt haben.</subfield>
  </datafield>
  <datafield tag="909" ind1="C" ind2="O">
    <subfield code="o">oai:juser.fz-juelich.de:1046640</subfield>
    <subfield code="p">authority:GRANT</subfield>
    <subfield code="p">authority</subfield>
  </datafield>
  <datafield tag="980" ind1=" " ind2=" ">
    <subfield code="a">G</subfield>
  </datafield>
  <datafield tag="980" ind1=" " ind2=" ">
    <subfield code="a">AUTHORITY</subfield>
  </datafield>
  <datafield tag="909" ind1="C" ind2="O">
    <subfield code="o">oai:juser.fz-juelich.de:1046640</subfield>
  </datafield>
</record>
</collection>